000 00353 a2200157 4500
001 49921
020 _a8599007300
040 _cAnchieta - Bela Vista
100 _aGouveia, Luis Augusto
240 1 0 _aTudo que é bom...
_lpor
245 1 0 _aTudo que é bom...
300 _a20
362 0 _a2006
650 4 _aLiteratura infanto-juvenil
942 _cBK
999 _c49921
_d49921